The teaching and learning of mathematics at university level : an ICMI study /
Guardado en:
| Autores Corporativos: | , |
|---|---|
| Otros Autores: | |
| Formato: | Libro |
| Idioma: | English |
| Publicado: |
Dordrecht ; Boston :
Kluwer Academic Publishers,
c2001.
|
| Series: | New ICMI study series ;
v. 7 An ICMI study |
| Etiquetas: |
Agregar Etiqueta
Sin Etiquetas, Sea el primero en etiquetar este registro!
|
| LEADER | 00903cam a22002414a 4500 | ||
|---|---|---|---|
| 001 | MAT.inmabb002498 | ||
| 008 | 010723s2001####ne#######b####001#0#eng## | ||
| 005 | 20170427154944.0 | ||
| 245 | 0 | 4 | |a The teaching and learning of mathematics at university level : |b an ICMI study / |c edited by Derek Holton ... [et al.]. |
| 260 | |a Dordrecht ; |a Boston : |b Kluwer Academic Publishers, |c c2001. | ||
| 300 | |a viii, 560 p. : |b il. ; |c 25 cm. | ||
| 440 | 0 | |a New ICMI study series ; |v v. 7 | |
| 440 | 3 | |a An ICMI study | |
| 504 | |a Incluye referencias bibliográficas e índices. | ||
| 020 | |a 0792371917 (HC) | ||
| 020 | |a 1402000723 (PB) | ||
| 700 | 1 | |a Holton, Derek Allan, |d 1941- |4 edt | |
| 710 | 2 | |a International Commission on Mathematical Instruction. | |
| 710 | 2 | |a ICMI. | |
| 084 | |a 97-06 (97B40 97C70 97U70) |2 MR | ||
| 010 | |a 2001044373 | ||
| 040 | |a DLC |c DLC |d DLC | ||
| 859 | |h 97 |i T253 |p A-8159 |v 7 |3 Vol. 7 |b BIB. MATEMATICA | ||
